000 00534nam a2200169 4500
001 125745
003 ES-MaACL
005 20230906192706.0
007 t|
008 070214s1972 sp r ||||1| spa d
100 1 _aRatzinger, Joseph.
_995541
245 1 3 _aEl nuevo pueblo de dios
_b: esquemas para una eclesiología /
_cJoseph Ratzinger ; versión de Daniel Ruiz Bueno.
260 _aBarcelona :
_bHerder,
_c1972.
300 _a470 p. ;
_c22 cm.
700 1 _aRuiz Bueno, Daniel.
_9100677
852 _aES-MaACL
_jC-43787
_bR.83287
999 _c125745
_d125745